[Event "AUTO-OPEN-612"]
[Site "http://www.queenalice.com/game.php?id=192766"]
[Date "2007.4.6"]
[Round "1"]
[White "rymurian"]
[Black "moma"]
[Result "1-0"]
[WhiteElo "1203"]
[BlackElo "1576"]

1. e4 Nf6 2. e5 Nd5 3. d4 d6 4. Nf3 Bg4 5. Be2 e6 6. Nc3 Nc6 7. Nxd5 exd5 8. O-O
dxe5 9. dxe5 Be7 10. b3 Bxf3 11. Bxf3 Nxe5 12. Bxd5 c6 13. Be4 Bf6 14. Re1 O-O
15. Rb1 Qc7 16. Qh5 g6 17. Qh3 Rad8 18. Ba3 Be7 19. Bb2 Bd6 20. Re3 Nd7 21. Bd3
Nc5 22. Bc4 b5 23. Be2 Rfe8 24. Rxe8+ Rxe8 25. Qc3 Bxh2+ 26. Kf1 Ne6 27. Qh8#
1-0

[Event "AUTO-OPEN-612"]
[Site "http://www.queenalice.com/game.php?id=192767"]
[Date "2007.4.6"]
[Round "1"]
[White "moma"]
[Black "rymurian"]
[Result "0-1"]
[WhiteElo "1306"]
[BlackElo "1531"]

1. d4 c5 2. d5 d6 3. c4 g6 4. Nc3 Bg7 5. e4 Nf6 6. Nf3 O-O 7. h3 e6 8. Bd3 Nbd7
9. O-O Re8 10. Bg5 Qb6 11. Qc2 exd5 12. cxd5 Ne5 13. Be2 Qa5 14. Bd2 Qc7 15. Nb5
Qb6 16. Nxe5 Rxe5 17. Bc3 Re8 18. a4 Nxe4 19. a5 Qd8 20. Bd3 Nxc3 21. Nxc3 Bd7
22. Ne4 Bf5 23. Rfe1 Qc7 24. Ng3 Bxd3 25. Qxd3 Bxb2 26. Rxe8+ Rxe8 27. Rb1 c4
28. Qc2 c3 29. Ne2 Qxa5 30. Nd4 Qxd5 0-1

[Event "AUTO-OPEN-612"]
[Site "http://www.queenalice.com/game.php?id=192786"]
[Date "2007.4.6"]
[Round "1"]
[White "igorzz"]
[Black "moma"]
[Result "1-0"]
[WhiteElo "1795"]
[BlackElo "1702"]

1. e4 Nf6 2. e5 Nd5 3. d4 d6 4. c4 Nb6 5. f4 dxe5 6. fxe5 Nc6 7. Be3 Bf5 8. Nc3
e6 9. Nf3 Be7 10. a3 Bg4 11. d5 Nxe5 12. Be2 Nbxc4 13. Qc1 exd5 14. Bf4 Bxf3 15.
gxf3 Bh4+ 16. Kf1 O-O 17. Bxe5 Nxe5 18. Qf4 Bf6 19. Rd1 c6 20. Rg1 Ng6 21. Qb4
b5 22. a4 Be7 23. Qd4 Bf6 24. Qc5 Bxc3 25. bxc3 bxa4 26. Qxc6 Rc8 27. Qxa4 Rxc3
28. Qxa7 Nf4 29. Qd4 Nxe2 30. Kxe2 Re8+ 31. Kd2 f6 32. Kxc3 Qa5+ 33. Kd3 Qa3+
34. Qc3 Qa6+ 35. Kd2 Qe2+ 36. Kc1 Qxh2 37. Qc6 Qf4+ 38. Rd2 Rd8 39. Qb7 Qc4+ 40.
Rc2 Qf4+ 41. Kb1 Qf5 42. Qxg7# 1-0

[Event "AUTO-OPEN-612"]
[Site "http://www.queenalice.com/game.php?id=192796"]
[Date "2007.4.6"]
[Round "1"]
[White "sora07"]
[Black "moma"]
[Result "1-0"]
[WhiteElo "1619"]
[BlackElo "1392"]

1. Nf3 d5 2. e3 Nf6 3. Be2 c5 4. O-O Nc6 5. d3 e5 6. Nc3 Be7 7. Bd2 O-O 8. a3 a6
9. b3 Bf5 10. b4 d4 11. exd4 Nxd4 12. Nxd4 cxd4 13. Na4 b5 14. Nc5 Qd5 15. Bf3
1-0

[Event "AUTO-OPEN-612"]
[Site "http://www.queenalice.com/game.php?id=192797"]
[Date "2007.4.6"]
[Round "1"]
[White "moma"]
[Black "sora07"]
[Result "0-1"]
[WhiteElo "1378"]
[BlackElo "1626"]

1. d4 d5 2. Bg5 Nf6 3. Bxf6 exf6 4. e3 Be7 5. c4 O-O 6. Nc3 dxc4 7. Bxc4 Nc6 8.
a3 Bd7 9. Nge2 a6 10. O-O b5 11. Bb3 b4 12. axb4 Nxb4 13. Nf4 Bd6 14. Qf3 Bxf4
15. Qxf4 Nd3 0-1

[Event "AUTO-INT-415"]
[Site "http://www.queenalice.com/game.php?id=196547"]
[Date "2007.4.14"]
[Round "1"]
[White "mitsho"]
[Black "moma"]
[Result "1-0"]
[WhiteElo "1575"]
[BlackElo "1313"]

1. e4 Nf6 2. e5 Nd5 3. c4 Nb6 4. c5 Nd5 5. Nc3 e6 6. Bc4 c6 7. Nf3 b6 8. cxb6
axb6 9. d4 Bb4 10. Bg5 Be7 11. Qd2 Ba6 12. b3 Nxc3 13. Qxc3 Bxg5 14. Nxg5 Qxg5
15. O-O b5 16. f4 Qe7 17. Be2 b4 18. Qd2 O-O 19. Rf3 Bxe2 20. Qxe2 c5 21. Qe4
Na6 22. f5 cxd4 23. Qxd4 Qc5 24. Rd1 Rfd8 25. f6 g6 26. g4 Qc2 27. Rd2 Qc5 28.
h4 1-0

[Event "AUTO-INT-415"]
[Site "http://www.queenalice.com/game.php?id=196548"]
[Date "2007.4.14"]
[Round "1"]
[White "moma"]
[Black "mitsho"]
[Result "0-1"]
[WhiteElo "1321"]
[BlackElo "1569"]

1. d4 Nf6 2. Bg5 Ne4 3. Bf4 c5 4. f3 Qa5+ 5. c3 Nf6 6. d5 d6 7. e4 g6 8. Qd2 Bg7
9. Bh6 O-O 10. Na3 b6 11. Nc4 Qa4 12. b3 Qa6 13. Na3 Qxa3 14. Bd3 Nbd7 15. Ne2
Ne5 16. Bb5 Qa5 17. a4 a6 18. b4 cxb4 19. cxb4 axb5 20. bxa5 Nc4 0-1

[Event "AUTO-INT-415"]
[Site "http://www.queenalice.com/game.php?id=196565"]
[Date "2007.4.14"]
[Round "1"]
[White "moma"]
[Black "markp"]
[Result "0-1"]
[WhiteElo "1641"]
[BlackElo "1650"]

1. d4 d5 2. Bg5 Nf6 3. Bxf6 exf6 4. e3 f5 5. Bd3 Bd6 6. Qf3 Qe7 7. Nd2 f4 8. Ne2
fxe3 9. fxe3 Nc6 10. O-O Bd7 11. Nf4 Bxf4 12. exf4 O-O-O 13. Qxd5 Qe3+ 14. Rf2
Nxd4 15. Nc4 Bc6 16. Re1 Qxe1+ 0-1

[Event "AUTO-INT-415"]
[Site "http://www.queenalice.com/game.php?id=196566"]
[Date "2007.4.14"]
[Round "1"]
[White "markp"]
[Black "moma"]
[Result "1-0"]
[WhiteElo "1688"]
[BlackElo "1323"]

1. e4 Nf6 2. e5 Nd5 3. d4 d6 4. Nf3 Bg4 5. h3 Bxf3 6. Qxf3 dxe5 7. Bc4 e6 8.
Bxd5 exd5 9. dxe5 Nc6 10. Nc3 Bb4 11. O-O Bxc3 12. bxc3 Nxe5 13. Re1 Qd6 14. Bf4
f6 15. Bxe5 fxe5 16. Qf5 e4 17. c4 Rf8 18. Qxh7 Qc5 19. cxd5 Qxf2+ 20. Kh1 O-O-O
21. Qxe4 Qf7 22. c4 g5 23. Qg4+ Qd7 24. Qxg5 Rg8 25. Qe7 Qf5 26. Qe6+ Qxe6 27.
Rxe6 1-0

[Event "AUTO-INT-415"]
[Site "http://www.queenalice.com/game.php?id=196567"]
[Date "2007.4.14"]
[Round "1"]
[White "moma"]
[Black "Dangermouse"]
[Result "0-1"]
[WhiteElo "1432"]
[BlackElo "1613"]

1. d4 d5 2. Bg5 Nf6 3. Bxf6 exf6 4. e3 Bb4+ 5. c3 Ba5 6. Bd3 O-O 7. Qh5 g6 8.
Qh6 Re8 9. h4 f5 10. Nf3 Qd7 11. Ng5 f6 12. Nf3 Qg7 13. Qxg7+ Kxg7 14. Nbd2 Nc6
15. Nh2 f4 16. O-O fxe3 17. fxe3 Rxe3 0-1

[Event "AUTO-INT-415"]
[Site "http://www.queenalice.com/game.php?id=196568"]
[Date "2007.4.14"]
[Round "1"]
[White "Dangermouse"]
[Black "moma"]
[Result "1-0"]
[WhiteElo "1602"]
[BlackElo "1465"]

1. d4 d5 2. c4 c6 3. e3 Nf6 4. Bd3 e5 5. Ne2 exd4 6. exd4 Be7 7. O-O O-O 8. Nbc3
dxc4 9. Bxc4 b5 10. Bb3 a5 11. a3 Bb7 12. Ne4 Nxe4 13. Qd3 Nf6 14. Bc2 Ba6 15.
Bg5 b4 16. Bxf6 Bxd3 17. Bxd3 Bxf6 18. Rfd1 Qb6 19. Be4 Rd8 20. d5 Bxb2 21. Rab1
bxa3 22. dxc6 1-0

[Event "AUTO-BEG-106"]
[Site "http://www.queenalice.com/game.php?id=220918"]
[Date "2007.6.5"]
[Round "1"]
[White "knightsdefence"]
[Black "moma"]
[Result "1-0"]
[WhiteElo "1304"]
[BlackElo "1338"]

1. f4 c5 2. c3 d5 3. d4 Nc6 4. e3 Nf6 5. g3 cxd4 6. cxd4 Bf5 7. Bd3 Bg4 8. Be2
Bxe2 9. Qxe2 Ne4 10. Nd2 Qa5 11. Nh3 h6 12. Nf2 e6 13. Nxe4 dxe4 14. a3 Be7 15.
b4 Bxb4 16. Bb2 Bxd2+ 17. Kf2 O-O 18. Rhd1 Bc3 19. Qc2 Bxb2 20. Qxb2 Rab8 21.
Rdc1 1-0

[Event "QA-ANNIV-03"]
[Site "http://www.queenalice.com/game.php?id=225643"]
[Date "2007.6.15"]
[Round "1"]
[White "moma"]
[Black "fera77"]
[Result "0-1"]
[WhiteElo "1324"]
[BlackElo "1542"]

1. d4 d5 2. Bg5 h6 3. Bh4 Bf5 4. e3 Nd7 5. c4 Ngf6 6. Nc3 c5 7. cxd5 Qb6 8. Qc1
cxd4 9. Bxf6 Nxf6 10. Bb5+ Bd7 11. Bxd7+ Nxd7 12. Ne4 Ne5 0-1